Central Library OPAC University of Rajshahi

Hand book of biotechnology / (Record no. 37594)

MARC details
000 -LEADER
fixed length control field 00636nam a22002297a 4500
001 - CONTROL NUMBER
control field 37594
003 - CONTROL NUMBER IDENTIFIER
rucl marc code BD-RjUL
005 - DATE AND TIME OF LATEST TRANSACTION
control field 20211209052627.0
008 - FIXED-LENGTH DATA ELEMENTS--GENERAL INFORMATION
fixed length control field 150128s2003 ii a|||| |||| 000 0 eng d
035 ## - SYSTEM CONTROL NUMBER
System control number (BD-RjUL)
040 ## - CATALOGING SOURCE
Original cataloging agency BD-RjUL
Language of cataloging eng
Transcribing agency BD-RjUL
041 ## - LANGUAGE CODE
Language code of text/sound track or separate title eng
082 ## - DEWEY DECIMAL CLASSIFICATION NUMBER
Classification number 660.6
Author mark and year MIH 2003
100 ## - MAIN ENTRY--PERSONAL NAME
Personal name Mitra, B. L.
9 (RLIN) 115522
245 ## - TITLE STATEMENT
Title Hand book of biotechnology /
Statement of responsibility, etc. B. L. Mitra
250 ## - EDITION STATEMENT
Edition statement 1st ed.
260 ## - PUBLICATION, DISTRIBUTION, ETC. (IMPRINT)
Place of publication, distribution, etc. Chandigarh :
Name of publisher, distributor, etc. Abhishek Pulications,
Date of publication, distribution, etc. 2003
300 ## - PHYSICAL DESCRIPTION
Pagination 320 p.:
Illustrations Ill. ;
Size 24 cm.
650 ## - SUBJECT ADDED ENTRY--TOPICAL TERM
Topical term or geographic name as entry element Biotechnology
Form subdivision Handbooks, manuals, etc.
9 (RLIN) 115523
Topical term or geographic name as entry element Biotechnology
9 (RLIN) 115163
942 ## - ADDED ENTRY ELEMENTS (KOHA)
Source of classification or shelving scheme Dewey Decimal Classification
Koha item type Books
Holdings
Lost status Source of classification or shelving scheme Damaged status Not for loan Permanent Location Current Location Shelving location Date acquired Total Checkouts Full call number Date last seen Copy number Koha item type
  Dewey Decimal Classification   Not For Loan Institute of Biological Sciences (IBSc) Library Institute of Biological Sciences (IBSc) Library   28/01/2015   660.6 MIH 2003 28/01/2015 C-1 Books